|
|
|
|
| LEADER |
00000nab a2200000 i 4500 |
| 001 |
publ782 |
| 005 |
20170221104839.0 |
| 008 |
170221s2010 hu o 000 zxx d |
| 022 |
|
|
|a 1587-5881
|
| 040 |
|
|
|a BGE Publikációtár Repozitórium
|b hun
|
| 100 |
1 |
|
|a Keresztes Éva Réka
|
| 245 |
1 |
2 |
|a A hazai kutatás-fejlesztés helyzete a felsőoktatásban
|c Keresztes Éva Réka
|h [elektronikus dokumentum]
|
| 260 |
|
|
|c 2010
|
| 300 |
|
|
|a 55-70
|
| 490 |
0 |
|
|a Szakmai Füzetek
|v No. 28. sz.
|
| 650 |
|
4 |
|a közgazdaságtudományok
|
| 695 |
|
|
|a Kutatás-Fejlesztés
|
| 695 |
|
|
|a Felsőoktatás
|
| 856 |
4 |
0 |
|u https://publikaciotar.uni-bge.hu/id/eprint/782/1/keresztes.pdf
|z Dokumentum-elérés
|